<?xml version="1.0" encoding="UTF-8"?>
<record
    xmlns:xsi="http://www.w3.org/2001/XMLSchema-instance"
    xsi:schemaLocation="http://www.loc.gov/MARC21/slim http://www.loc.gov/standards/marcxml/schema/MARC21slim.xsd"
    xmlns="http://www.loc.gov/MARC21/slim">

  <leader>03464nab a2200349 i 4500</leader>
  <controlfield tag="003">BR-BrBNA</controlfield>
  <controlfield tag="005">20251120135704.0</controlfield>
  <controlfield tag="008">251120b2019    bl.|r|pooa||| 00| 0 eng |</controlfield>
  <datafield tag="040" ind1=" " ind2=" ">
    <subfield code="a">BR-BrBNA</subfield>
    <subfield code="b">eng</subfield>
  </datafield>
  <datafield tag="072" ind1=" " ind2=" ">
    <subfield code="a">F30</subfield>
    <subfield code="b">0910</subfield>
  </datafield>
  <datafield tag="072" ind1=" " ind2=" ">
    <subfield code="a">F40</subfield>
  </datafield>
  <datafield tag="072" ind1=" " ind2=" ">
    <subfield code="a">Q04</subfield>
  </datafield>
  <datafield tag="100" ind1=" " ind2=" ">
    <subfield code="a">Croge, Camila Pereira </subfield>
  </datafield>
  <datafield tag="100" ind1=" " ind2=" ">
    <subfield code="a">Cuquel, Francine Lorena </subfield>
  </datafield>
  <datafield tag="100" ind1=" " ind2=" ">
    <subfield code="a">Biasi, Luis Antonio </subfield>
  </datafield>
  <datafield tag="100" ind1=" " ind2=" ">
    <subfield code="a">Bona, Claudine de </subfield>
  </datafield>
  <datafield tag="100" ind1=" " ind2=" ">
    <subfield code="a">Pintro, Paula Toshimi Matumoto </subfield>
  </datafield>
  <datafield tag="245" ind1=" " ind2=" ">
    <subfield code="a">Agronomic performance of Blackberry cultivars in Lapa-PR</subfield>
  </datafield>
  <datafield tag="500" ind1=" " ind2=" ">
    <subfield code="a">
Publica&#xE7;ao online; 33 ref.; 5 illus.; 3 tables; Summaries (En, Pt)</subfield>
  </datafield>
  <datafield tag="520" ind1=" " ind2=" ">
    <subfield code="a">


Abstract -      Phenological studies with blackberry cultivars and the physical, chemical and sensory characterization of fruits are necessary to select the best cultivar adapted to local conditions and for the correct destination of fruits. The objective of this work was to evaluate the phenological stages of different blackberry cultivars, as well as to determine the quality of fruits, focusing on the recommendation of cultivars that are more adapted to local climate conditions. Moreover, the aim was to indicate the best destination of fruits produced, for either fresh consumption or as raw material for processing. The results indicated that the cultivars studied have adequate conditions for the expression of their productive potential, being Tupy cultivar the most productive. Fruits of Tupy, Guarani and Cherokee cultivars presented dual aptitude, which means they can be consumed fresh or or as raw material for processing, whereas those of Xavante cultivar are suitable only for processing.



Index terms:      Rubus, small fruits, phenology, sensory analysis.</subfield>
  </datafield>
  <datafield tag="520" ind1=" " ind2=" ">
    <subfield code="a">


Resumo -      Estudos fenol&#xF3;gicos com cultivares de amoreira-preta e a caracteriza&#xE7;&#xE3;o f&#xED;sica, qu&#xED;mica e sensorial dos seus frutos s&#xE3;o necess&#xE1;rios para a escolha da cultivar mais adaptada &#xE0;s condi&#xE7;&#xF5;es locais e para a destina&#xE7;&#xE3;o correta das frutas. Assim, objetivou-se, com este trabalho, avaliar a fenologia de diferentes cultivares de amoreira-preta, bem como determinar a qualidade de seus frutos com foco na recomenda&#xE7;&#xE3;o de cultivares que sejam mais adaptadas ao clima local. Al&#xE9;m disso, buscou-se indicar qual a melhor destina&#xE7;&#xE3;o dos frutos produzidos, seja para consumo in natura, seja para mat&#xE9;ria-prima na industrializa&#xE7;&#xE3;o. Os resultados indicam que as cultivares estudadas tiveram condi&#xE7;&#xF5;es adequadas para a express&#xE3;o de seu potencial produtivo, sendo a cultivar Tupy a mais produtiva. Os frutos das cultivares Tupy, Guarani e Cherokee apresentaram dupla aptid&#xE3;o, ou seja, podem ser consumidos in natura ou destinados &#xE0; industrializa&#xE7;&#xE3;o, j&#xE1; os da cultivar Xavante s&#xE3;o adequados apenas para o processamento na ind&#xFA;stria de alimentos.



Termos para indexa&#xE7;&#xE3;o:      Rubus, pequenas frutas, fenologia, an&#xE1;lise sensorial. </subfield>
  </datafield>
  <datafield tag="650" ind1=" " ind2=" ">
    <subfield code="a">AMORA-PRETA</subfield>
  </datafield>
  <datafield tag="650" ind1=" " ind2=" ">
    <subfield code="a">CONDI&#xC7;&#xC3;O AMBIENTAL</subfield>
  </datafield>
  <datafield tag="650" ind1=" " ind2=" ">
    <subfield code="a">FENOLOGIA</subfield>
  </datafield>
  <datafield tag="650" ind1=" " ind2=" ">
    <subfield code="a">COMPORTAMENTO DE VARIEDADE</subfield>
  </datafield>
  <datafield tag="650" ind1=" " ind2=" ">
    <subfield code="a">PROPRIEDADE F&#xCD;SICO-QU&#xCD;MICA</subfield>
  </datafield>
  <datafield tag="650" ind1=" " ind2=" ">
    <subfield code="a">AN&#xC1;LISE ORGANOL&#xC9;PTICA</subfield>
  </datafield>
  <datafield tag="773" ind1="0" ind2=" ">
    <subfield code="0">805</subfield>
    <subfield code="9">317039</subfield>
    <subfield code="d">Jaboticabal-SP Sociedade Brasileira de Fruticultura 1978</subfield>
    <subfield code="o">2024-3601</subfield>
    <subfield code="t">Revista Brasileira de Fruticultura (Brazil)</subfield>
    <subfield code="x">0100-2945</subfield>
    <subfield code="g">v. 41(2) p. 1-10; (2019)</subfield>
    <subfield code="w">BR2025005094</subfield>
  </datafield>
  <datafield tag="856" ind1=" " ind2=" ">
    <subfield code="u">https://www.scielo.br/j/rbf/a/KWJsbfRS9fggrh4qPdj6VQK/?format=pdf&amp;lang=en</subfield>
  </datafield>
  <datafield tag="942" ind1=" " ind2=" ">
    <subfield code="c">ANA</subfield>
  </datafield>
  <datafield tag="999" ind1=" " ind2=" ">
    <subfield code="c">339131</subfield>
    <subfield code="d">339131</subfield>
  </datafield>
</record>
